Tell me where you are / (Record no. 10662)
[ view plain ]
| 000 -LEADER | |
|---|---|
| fixed length control field | 01322cam a2200337 i 4500 |
| 001 - CONTROL NUMBER | |
| control field | 20710763 |
| 003 - CONTROL NUMBER IDENTIFIER | |
| control field | GZU |
| 005 - DATE AND TIME OF LATEST TRANSACTION | |
| control field | 20220708124659.0 |
| 008 - FIXED-LENGTH DATA ELEMENTS--GENERAL INFORMATION | |
| fixed length control field | 181018s2010 stk 000 f eng |
| 010 ## - LIBRARY OF CONGRESS CONTROL NUMBER | |
| LC control number | 2018404082 |
| 020 ## - INTERNATIONAL STANDARD BOOK NUMBER | |
| International Standard Book Number | 9781905207350 (pbk.) |
| 020 ## - INTERNATIONAL STANDARD BOOK NUMBER | |
| Canceled/invalid ISBN | 9781905207527 (e-pub.) |
| 022 ## - INTERNATIONAL STANDARD SERIAL NUMBER | |
| International Standard Serial Number | n/a |
| 040 ## - CATALOGING SOURCE | |
| Original cataloging agency | DLC |
| Language of cataloging | eng |
| Transcribing agency | DLC |
| Description conventions | rda |
| 042 ## - AUTHENTICATION CODE | |
| Authentication code | pcc |
| 050 00 - LIBRARY OF CONGRESS CALL NUMBER | |
| Classification number | PR6056. |
| Item number | FOR 2010 |
| 100 1# - MAIN ENTRY--PERSONAL NAME | |
| Personal name | Forsyth, Moira, |
| Relator term | author. |
| Dates associated with a name | 195 - 1991 |
| 245 10 - TITLE STATEMENT | |
| Title | Tell me where you are / |
| Statement of responsibility, etc. | Moira Forsyth. |
| 264 #1 - PRODUCTION, PUBLICATION, DISTRIBUTION, MANUFACTURE, AND COPYRIGHT NOTICE | |
| Place of production, publication, distribution, manufacture | Dingwall, Scotland : |
| Name of producer, publisher, distributor, manufacturer | Sandstone Press, |
| Date of production, publication, distribution, manufacture, or copyright notice | 2010. |
| 300 ## - PHYSICAL DESCRIPTION | |
| Extent | 343 pages ; |
| Dimensions | 20 cm |
| 336 ## - CONTENT TYPE | |
| Content type term | text |
| Content type code | txt |
| Source | rdacontent |
| 337 ## - MEDIA TYPE | |
| Media type term | unmediated |
| Media type code | n |
| Source | rdamedia |
| 338 ## - CARRIER TYPE | |
| Carrier type term | volume |
| Carrier type code | nc |
| Source | rdacarrier |
| 500 ## - GENERAL NOTE | |
| General note | Fiction<br/>Romans, nouvelles, etc |
| 505 ## - FORMATTED CONTENTS NOTE | |
| Formatted contents note | n/a |
| 520 ## - SUMMARY, ETC. | |
| Summary, etc. | Frances is doing fine; she has her life sorted. Then comes the phone call from Alec, the husband who left her for her younger sister Susan, thirteen years ago. Susan has disappeared, and Alec wants her daughter Kate to come and stay with Frances, out of harm's way. It's not always the things you fear most, which matter in the end. |
| 650 #0 - SUBJECT ADDED ENTRY--TOPICAL TERM | |
| Topical term or geographic name entry element | Sisters |
| General subdivision | Family relationships |
| Form subdivision | Fiction. |
| 650 #0 - SUBJECT ADDED ENTRY--TOPICAL TERM | |
| Topical term or geographic name entry element | Missing persons |
| Form subdivision | Fiction. |
| 906 ## - LOCAL DATA ELEMENT F, LDF (RLIN) | |
| a | 7 |
| b | cbc |
| c | origres |
| d | 3 |
| e | ncip |
| f | 20 |
| g | y-gencatlg |
| 942 ## - ADDED ENTRY ELEMENTS (KOHA) | |
| Source of classification or shelving scheme | Library of Congress Classification |
| Koha item type | Books |
| Classification part | 6056 |
| Item part | FOR |
| Call number prefix | PR |
| Withdrawn status | Lost status | Source of classification or shelving scheme | Damaged status | Not for loan | Collection code | Home library | Current library | Shelving location | Date acquired | Source of acquisition | Total Checkouts | Total Renewals | Full call number | Barcode | Date last seen | Date last checked out | Copy number | Price effective from | Koha item type |
|---|---|---|---|---|---|---|---|---|---|---|---|---|---|---|---|---|---|---|---|
| Library of Congress Classification | Fiction | Mashava Campus Library | Mashava Campus Library | General Stacks | 07/08/2022 | Donation from Book Aid International | 2 | 2 | PR6056 FOR 2010 | 032476 | 08/02/2023 | 07/18/2023 | c. 1 | 07/08/2022 | Books |